Regency Seats of South Sumatra - Statistics

General Stats
  • This quiz has been taken 7 times
  • The average score is 8 of 13
Answer Stats
Regency Seat % Correct
Ogan Komering Ulu Baturaja
75%
Lahat Lahat
75%
Muara Enim Muara Enim
75%
Banyuasin Pangkalan Balai
75%
Musi Banyuasin Sekayu
75%
Empat Lawang Tebing Tinggi
75%
Ogan Ilir Indralaya
50%
Ogan Komering Ilir Kayu Agung
50%
Musi Rawas Muara Beliti
50%
South Ogan Komering Ulu Muaradua
50%
North Musi Rawas Rupit
50%
East Ogan Komering Ulu Martapura
25%
Penukal Abab Lematang Ilir Talang Ubi
25%
No matching quizzes found
Score Distribution
Percent of People with Each Score
Percentile by Number Answered
Your Score History
You have not taken this quiz